[Event "16th ORDIX Open"]
[Site "Mainz GER"]
[Date "2009.08.01"]
[Round "3"]
[White "Brendel,O"]
[Black "Malakhov,V"]
[Result "0-1"]
[WhiteElo "2375"]
[BlackElo "2707"]

1.e4 c5 2.Nf3 Nc6 3.Nc3 d6 4.d4 cxd4 5.Nxd4 Nf6 6.f3 e5 7.Nb3 Be7 8.Be3 O-O
9.Qd2 a5 10.Bb5 Be6 11.Nd5 Bxd5 12.exd5 Na7 13.a4 Nxb5 14.axb5 a4 15.Nc1 Qa5
16.c4 Rfc8 17.Qxa5 Rxa5 18.Nb3 Raa8 19.Nd2 Bd8 20.Ke2 Nd7 21.g4 Bb6 22.Rhc1 Kf8
23.Bxb6 Nxb6 24.Kd3 Ke7 25.h4 h5 26.g5 f5 27.gxf6+ gxf6 28.Rg1 Kf7 29.Rg2 Rg8
30.Rxg8 Rxg8 31.Ne4 Ke7 32.b3 f5 33.Nd2 axb3 34.Ra7 Rb8 35.Nxb3 Nd7 36.Kc3 b6
37.Nc1 Rg8 38.Nd3 Rg7 39.Nb4 Kf6 40.Nc6 f4 41.Rb7 e4 42.Nd4 exf3 43.Nxf3 Kf5
44.Kd4 Kg4 45.Ng5 f3 46.Ke3 Re7+ 47.Kf2 Re2+ 48.Kf1 Ne5 49.Rxb6 Nxc4 50.Nxf3  0-1

[Event "Open"]
[Site "Stara Pazova SRB"]
[Date "2009.08.01"]
[Round "9"]
[White "Kosanovic,G"]
[Black "Avdic,M"]
[Result "1-0"]
[WhiteElo "2351"]
[BlackElo "2270"]

1.e4 c5 2.Nf3 Nc6 3.Nc3 g6 4.d4 cxd4 5.Nxd4 Bg7 6.Be3 Nf6 7.Be2 O-O 8.Nb3 d6
9.Qd2 a5 10.a4 Nb4 11.O-O Bd7 12.f3 Rc8 13.Rfc1 Be6 14.Nd4 Bc4 15.b3 Bxe2
16.Ncxe2 e5 17.Nb5 d5 18.c3 Nc6 19.exd5 Nxd5 20.Rd1 Nxe3 21.Qxe3 Qe7 22.Rd5 Rfd8
23.Rad1 Rxd5 24.Rxd5 Rd8 25.Qd3 Rxd5 26.Qxd5 Bf8 27.g3 h5 28.Kf2 h4 29.g4 Kh7
30.h3 Kg7 31.Ke1 Kg8 32.Kf2 Qe8 33.Ke1 Qb8 34.Kf2 Nd8 35.f4 exf4 36.Ned4 Qc8
37.Nf3 Be7 38.Ke2 Ne6 39.Kd3 Bf6 40.c4 b6 41.g5 Bg7 42.Nd6 Nc5+ 43.Kc2 Qd7
44.Nxh4 Qe7 45.Kd1 Ne6 46.Nf3 Bf8 47.Ne4 Bg7 48.h4 Qa3 49.Ned2 Qa1+ 50.Ke2 Qh1
51.Kf2 Qa1 52.h5 gxh5 53.Qa8+ Nf8 54.Qc6 Bd4+ 55.Kg2 Qb2 56.Kh3 Qc3 57.Kh4 Be3
58.Ne4 Qa1 59.Nf6+ Kh8 60.Kxh5 Qh1+ 61.Kg4 Qg2+ 62.Kf5 Qh3+ 63.Ke4 Kg7 64.Ne8+ Kg8
65.Qf6 Qh7+ 66.Qf5 Qxf5+ 67.Kxf5 Nd7 68.Nf6+ Nxf6 69.Kxf6 Kf8 70.Kf5 Ke7
71.Ke4 Ke6 72.Nh4 Kd6 73.Ng2 Bc1 74.Nxf4 Kc6 75.Kf5 Bd2 76.Nd3 Bc3 77.Ne5+ Kc5
78.Nxf7 Bg7 79.Ne5 Kb4 80.Nd7 Kxb3 81.Nxb6 Kb4 82.Ke6 Kc5 83.Nd7+ Kc6 84.Nf6  1-0

[Event "110th US Open"]
[Site "Indianapolis USA"]
[Date "2009.08.02"]
[Round "2"]
[White "Barker,M"]
[Black "Langer,M USA"]
[Result "0-1"]
[WhiteElo "1740"]
[BlackElo "2263"]

1.e4 c5 2.Nc3 Nc6 3.Nge2 g6 4.g3 Bg7 5.Bg2 e6 6.d3 Nge7 7.O-O O-O 8.Re1 b6
9.Bf4 Bb7 10.Qd2 e5 11.Bh6 Nd4 12.Bxg7 Kxg7 13.Nd5 Nxd5 14.exd5 d6 15.c3 Nxe2+
16.Rxe2 Bc8 17.h3 h5 18.f4 exf4 19.Qxf4 Bf5 20.Qd2 Re8 21.Rae1 Rxe2 22.Rxe2 Qd7
23.h4 Re8 24.Re3 Rxe3 25.Qxe3 Qb5 26.Qe7 Qxb2 27.Qxd6 Qxc3 28.Qe7 Qxd3 29.d6 c4
30.Qe5+ Kh7 31.Qf6 Be6 32.Qe7 c3  0-1

[Event "ch-AUT"]
[Site "Jenbach AUT"]
[Date "2009.08.02"]
[Round "9"]
[White "Kreisl,R"]
[Black "Gerhold,M"]
[Result "1/2-1/2"]
[WhiteElo "2422"]
[BlackElo "2241"]

1.e4 c5 2.Nf3 Nc6 3.Nc3 e5 4.Bc4 Be7 5.d3 Nf6 6.Ng5 O-O 7.f4 exf4 8.Bxf4 d5
9.exd5 Bg4 10.Qd2 Nb4 11.d6 Bxd6 12.Bxd6 Qxd6 13.O-O Rae8 14.a3 Nc6 15.Qf2 Qd4
16.Nge4 Nxe4 17.Qxd4 Nxd4 18.Nxe4 Nxc2 19.Rac1 Nd4 20.Rce1 Re5 21.Nd6 Rxe1
22.Rxe1 Be6 23.Nxb7 Rc8 24.Bxe6 Nxe6 25.Rc1 Rc7 26.Na5 Rd7 27.Rc3 Kf8 28.g3 Ke7
29.Kf2 Kd6 30.Nc4+ Kd5 31.Ne3+ Ke5 32.Ng4+ Kf5 33.Ne3+ Ke5 34.Ng4+ Kf5 35.Ne3+  1/2-1/2

[Event "16th ORDIX Open"]
[Site "Mainz GER"]
[Date "2009.08.02"]
[Round "8"]
[White "Guliyev,N"]
[Black "Moiseenko,A1"]
[Result "1-0"]
[WhiteElo "2555"]
[BlackElo "2682"]

1.e4 c5 2.Nf3 Nc6 3.Nc3 Nf6 4.Bb5 Qc7 5.d3 a6 6.Bxc6 Qxc6 7.O-O b5 8.e5 Nd5
9.Ne4 Bb7 10.Re1 e6 11.c4 Nb6 12.b3 h6 13.a4 Be7 14.a5 Nc8 15.h4 O-O 16.Bf4 Rd8
17.Qc1 Bf8 18.Nf6+ gxf6 19.Bxh6 Kh7 20.Bxf8 Rxf8 21.exf6 Rg8 22.Ng5+ Kg6
23.Ne4 Kh7 24.Qd1 Rg6 25.Qh5+ Kg8 26.Re3 Qc7 27.Ng5 Rxf6 28.Qh7+ Kf8 29.Qh8+ Ke7
30.Nh7 Kd6 31.Qxf6 Qc6 32.Qe5+ Ke7 33.Qg5+ Kd6 34.Qf4+ Ke7 35.Rg3 Na7 36.Rg7 Rh8
37.Rxf7+ Kd8 38.Qf6+ Kc7 39.Qe5+  1-0

[Event "Centroamericano & Caribbean U20"]
[Site "Medellin COL"]
[Date "2009.08.02"]
[Round "5"]
[White "Guerra Mojena,L"]
[Black "Otero Martinez,D"]
[Result "0-1"]
[WhiteElo "2267"]
[BlackElo "2097"]

1.e4 c5 2.Nf3 Nc6 3.Nc3 Nf6 4.Bb5 d6 5.e5 Ng4 6.exd6 Qxd6 7.Ne4 Qd5 8.Qe2 Nf6
9.Neg5 e6 10.c4 Qf5 11.Bxc6+ bxc6 12.d3 h6 13.Ne4 Nxe4 14.dxe4 Qg4 15.O-O e5
16.Qe3 Qh5 17.b3 Bg4 18.Nd2 Rd8 19.h3 Bc8 20.Nf3 f6 21.Ba3 Be7 22.Ne1 Qg6
23.Bxc5 Bxc5 24.Qxc5 Bxh3 25.Qxc6+ Bd7 26.Qb7 h5 27.Qxa7 h4 28.Kh2 Bc6 29.Qe3 Bxe4
30.Rc1 Rd3 31.Qe2 Rh5 32.Rg1 Rg3 33.Nf3 Qg4 34.Rc3 Qf4 35.Qxe4 Qxe4 36.fxg3 hxg3+
37.Kxg3 Qf4+ 38.Kf2 e4 39.g3 Qd6 40.Re3 f5 41.g4 Rh3 42.gxf5 Qf4  0-1

[Event "Centroamericano & Caribbean U20"]
[Site "Medellin COL"]
[Date "2009.08.03"]
[Round "8"]
[White "Narvaez,Z"]
[Black "Gallego Alcaraz,A"]
[Result "0-1"]
[WhiteElo "2204"]
[BlackElo "2380"]

1.e4 c5 2.Nf3 Nc6 3.Nc3 e5 4.Bc4 Be7 5.d3 Nf6 6.O-O d6 7.Ng5 O-O 8.f4 exf4
9.Bxf4 Nd4 10.h3 Bd7 11.Nf3 Ne6 12.Be3 Bc6 13.e5 Nh5 14.Bd5 Ng3 15.Re1 Rc8
16.Bxc6 Rxc6 17.Bf2 Nh5 18.d4 d5 19.dxc5 Bxc5 20.Nxd5 Bxf2+ 21.Kxf2 Rc5 22.Ne3 Qb6
23.g3 Qxb2 24.Qb1 Qa3 25.Qb3 Qa5 26.Qxb7 Qa4 27.c4 Rc7 28.Qb3 Qc6 29.Qb5 Qe4
30.Qb1 Qa8 31.Qf5 g6 32.Qd3 Nc5 33.Qd5 Qc8 34.Rad1 Qxh3 35.Rg1 Qc8 36.Nd4 Rd8
37.Qf3 Rcd7 38.Nd5 Qa6 39.Qe2 Kh8 40.g4 Nf4 41.Nxf4 Rxd4 42.Nd5 Qxc4 43.Qxc4 Rxc4
44.Nf6 Rb8 45.Rh1 Ne4+ 46.Ke3 Nxf6 47.exf6 Rxg4 48.Rd7 Kg8 49.Rxa7 h5 50.Rd1 h4
51.a4 Rb3+ 52.Ke2 Re4+ 53.Kd2 Rd4+ 54.Kc2 Rxd1 55.Kxd1 h3  0-1

[Event "Arctic Chess Challenge"]
[Site "Tromso NOR"]
[Date "2009.08.03"]
[Round "3"]
[White "Radulski,J"]
[Black "Poobalasingam,P"]
[Result "1-0"]
[WhiteElo "2539"]
[BlackElo "2224"]

1.e4 c5 2.Nc3 Nc6 3.Nge2 d6 4.d4 cxd4 5.Nxd4 Nf6 6.Be2 e5 7.Nf3 h6 8.O-O Be6
9.Re1 Be7 10.h3 O-O 11.Bf1 Nb8 12.b3 a6 13.a4 b6 14.Bb2 Ra7 15.Nd2 Nc6 16.Nc4 Nd4
17.f4 Rc7 18.Nd5 Nxd5 19.exd5 Bf5 20.Bd3 Bxd3 21.Qxd3 Bf6 22.Re4 b5 23.axb5 axb5
24.Na3 Ra7 25.Rf1 Qb6 26.Kh1 Rfa8 27.fxe5 dxe5 28.Rfe1 g6 29.Bxd4 exd4 30.Qxb5 Qa5
31.Qf1 Kg7 32.Nc4 Qc5 33.d6 Rd8 34.Qf2 Ra6 35.Rf1 Rdxd6 36.Nxd6 Rxd6 37.Rf4 Qb6
38.b4 g5 39.Rf5 Re6 40.b5 Qd6 41.Rxf6  1-0

[Event "University of Twente YM"]
[Site "Enschede NED"]
[Date "2009.08.04"]
[Round "5"]
[White "Otte,Mari"]
[Black "Van Oosterom,C"]
[Result "0-1"]
[WhiteElo "2298"]
[BlackElo "2402"]

1.e4 c5 2.Nf3 Nc6 3.Nc3 Nf6 4.d4 cxd4 5.Nxd4 e5 6.Ndb5 d6 7.Nd5 Nxd5 8.exd5 Nb8
9.c4 Be7 10.Be2 O-O 11.O-O a6 12.Nc3 Bf5 13.Be3 Nd7 14.b4 b6 15.Qd2 Bg6 16.Rfd1 h6
17.c5 bxc5 18.bxc5 Nxc5 19.Bxc5 dxc5 20.d6 Bg5 21.Qd5 Bc2 22.Re1 Qd7 23.Bd3 Bxd3
24.Qxd3 c4 25.Qd5 Rac8 26.Rad1 Rc6 27.Ne4 c3 28.Nxg5 hxg5 29.Qxe5 c2 30.Rc1 Rd8
31.Kf1 Rxd6 32.Qe4 Qb5+ 33.Qe2 Rd2 34.Qxb5 axb5 35.a3 R8d3 36.Re8+ Kh7 37.Rc8 Rd1+
38.Ke2 R3d2+ 39.Ke3 Rd6 40.R1xc2 Re6+ 41.Kf3 Rd3+ 42.Kg4 Re4+ 43.Kf5 Rf4+
44.Kxg5 Rdd4 45.g4 Rxg4+ 46.Kf5 Rde4 47.R8c7 Rgf4+ 48.Kg5 f6+ 49.Kh5 Re5+  0-1

[Event "110th US Open"]
[Site "Indianapolis USA"]
[Date "2009.08.04"]
[Round "4"]
[White "Hortillosa,A"]
[Black "Parry,M"]
[Result "1/2-1/2"]
[WhiteElo "2114"]
[BlackElo "2219"]

1.e4 c5 2.Nc3 Nc6 3.Bb5 g6 4.Bxc6 dxc6 5.d3 e5 6.f4 exf4 7.Bxf4 Bg7 8.Nf3 Ne7
9.Qd2 Bg4 10.O-O Qd7 11.Kh1 Bxf3 12.Rxf3 O-O-O 13.Bg3 Rdf8 14.Qf4 Kd8 15.Qb8+ Nc8
16.e5 Qc7 17.Qxc7+ Kxc7 18.Raf1 Kd7 19.Rxf7+ Ke6 20.Rxf8 Rxf8 21.Rxf8 Bxf8
22.Ne4 h6 23.Kg1 Nb6 24.c3 Nd7 25.Kf2  1/2-1/2

[Event "4th Timisoara Cup A"]
[Site "Timisoara ROM"]
[Date "2009.08.04"]
[Round "4"]
[White "Ogleznev,A"]
[Black "Dragomirescu,R"]
[Result "1/2-1/2"]
[WhiteElo "2338"]
[BlackElo "2342"]

1.e4 c5 2.Nf3 Nc6 3.Nc3 e5 4.Bc4 Be7 5.d3 d6 6.Nd2 Bg5 7.Nf1 Bxc1 8.Rxc1 Nf6
9.Ne3 Be6 10.O-O O-O 11.Kh1 Ne7 12.f4 exf4 13.Rxf4 Bxc4 14.Nxc4 d5 15.exd5 Nexd5
16.Nxd5  1/2-1/2

[Event "FSIMA August"]
[Site "Budapest HUN"]
[Date "2009.08.05"]
[Round "5"]
[White "Lyell,M"]
[Black "Szalanczy,E"]
[Result "0-1"]
[WhiteElo "2288"]
[BlackElo "2318"]

1.e4 c5 2.Nc3 Nc6 3.Bb5 Nd4 4.Bc4 e6 5.Nge2 Qc7 6.d3 Nf6 7.O-O a6 8.a4 b6
9.f4 Bb7 10.Nxd4 cxd4 11.Ne2 Nxe4 12.Nxd4 Nf6 13.Nf3 Be7 14.Qe2 O-O 15.Bd2 Rae8
16.Rae1 Nd5 17.Ne5 Bh4 18.Rd1 Bf6 19.d4 d6 20.Nf3 Ra8 21.c3 Rfc8 22.Bd3 g6
23.h4 Bg7 24.h5 Nf6 25.hxg6 hxg6 26.Ng5 Re8 27.Qe3 Qc6 28.Qh3 Qxa4 29.Rde1 Bd5
30.Rf2 Qc6 31.g4 b5 32.Rh2 Kf8 33.Nh7+ Ke7 34.Nxf6 Bxf6 35.g5 Bg7 36.Qh7 Rg8
37.f5 gxf5 38.Bxf5 Raf8 39.Bg4 Kd8 40.g6 f5 41.Bg5+ Kc8 42.Bh3 Qd7 43.Qh4 Bf6
44.Bg2 Bxg2 45.Rxg2 Rxg6 46.d5 Be5 47.dxe6 Qxe6 48.Ra1 Kb7 49.Be3 Rh8 50.Qf2 Qd5
51.Rf1 Bh2+  0-1

[Event "96th ch-GBR"]
[Site "Torquay ENG"]
[Date "2009.08.05"]
[Round "9"]
[White "Green,An"]
[Black "Garnett,J"]
[Result "1-0"]
[WhiteElo "2203"]
[BlackElo "2059"]

1.e4 c5 2.Nf3 Nc6 3.Nc3 g6 4.d4 cxd4 5.Nxd4 Bg7 6.Be3 Nf6 7.Bc4 Qa5 8.O-O O-O
9.Bb3 d6 10.h3 Bd7 11.Re1 Nxd4 12.Bxd4 Bc6 13.Nd5 Bxd5 14.exd5 Rfe8 15.Qf3 Nd7
16.Bxg7 Kxg7 17.Qg4 Nf6 18.Qd4 Rac8 19.Re3 Qc5 20.Qd2 e5 21.dxe6 fxe6 22.Bxe6 Qxc2
23.Qd4 Qc5 24.Qf4 Rcd8 25.Rae1 Rf8 26.b4 Qb6 27.Qh4 d5 28.Bg4 Rf7 29.Re7 Rf8
30.Bf3 a5 31.R1e6 Qxb4 32.Qxf6+ Kg8 33.Rxf7 Rxf7 34.Re8+  1-0

[Event "FSIMA August"]
[Site "Budapest HUN"]
[Date "2009.08.06"]
[Round "6"]
[White "Lyell,M"]
[Black "Kormos,Ad"]
[Result "1-0"]
[WhiteElo "2288"]
[BlackElo "2195"]

1.e4 c5 2.Nc3 Nc6 3.Bb5 Nd4 4.Bc4 e6 5.Nge2 a6 6.d3 b5 7.Bb3 Ne7 8.O-O Nec6
9.Nxd4 Nxd4 10.Ne2 Nxb3 11.axb3 d6 12.f4 Be7 13.Ng3 Bb7 14.f5 Qd7 15.Nh5 Rg8
16.fxe6 fxe6 17.Qg4 O-O-O 18.Rf7 Rdf8 19.Rxf8+ Rxf8 20.Qxg7 Qe8 21.Be3 Qf7
22.Qxf7 Rxf7 23.Rf1 Rxf1+ 24.Kxf1 Kd7 25.g4 Ke8 26.Kf2 Kf7 27.Kg3 Bc6 28.h4 Bd8
29.g5 Bd7 30.Kf3 Be7 31.Ng3 Bf8 32.Bf4 Be7 33.Bd2 Bf8 34.c3 Bg7 35.Nh5 Bh8
36.Bf4 Kg6 37.Ng3 e5 38.Be3 Bg7 39.h5+ Kf7 40.Nf5 Bf8 41.d4 a5 42.d5 b4 43.Bd2 Bb5
44.Ne3 Be7 45.Kg4 Bf8 46.Kf3 Be7 47.Nf5 Bf8 48.Nh4 Bd3 49.g6+ hxg6 50.Nxg6 Bc2
51.Nxf8 Kxf8 52.cxb4 cxb4 53.h6 Bd1+ 54.Ke3 Bxb3 55.Kd3 Kf7 56.Bg5 a4 57.Be7 a3
58.bxa3 bxa3 59.Bxd6 Kf6 60.Bxa3 Kg6 61.Bb2 Kxh6 62.Bxe5  1-0

[Event "110th US Open"]
[Site "Indianapolis USA"]
[Date "2009.08.06"]
[Round "6"]
[White "Hortillosa,A"]
[Black "Patchell,E"]
[Result "0-1"]
[WhiteElo "2114"]
[BlackElo "2169"]

1.e4 c5 2.Nc3 Nc6 3.Bb5 Nd4 4.Bc4 g6 5.Nf3 Bg7 6.Nxd4 cxd4 7.Qf3 Nh6 8.Ne2 O-O
9.d3 e5 10.Bb3 d6 11.h3 Kh8 12.Qg3 f5 13.f4 Nf7 14.O-O Qe7 15.Bd2 Be6 16.Bxe6 Qxe6
17.exf5 gxf5 18.c3 Rae8 19.Rfe1 Qd5 20.Qf2 Nd8 21.cxd4 exd4 22.Ng3 Rxe1+
23.Rxe1 Qxa2 24.Nh5 Nc6 25.Nxg7 Kxg7 26.b4 Qd5 27.Qg3+ Kh8 28.Qh4 a6 29.Qh6 Qf7
30.Qxd6 Rd8 31.Qh6 Qg6 32.Qh4 Rg8 33.Qf2 Qg3 34.Qe2 Qxh3 35.Rc1 Qg4 36.Qf1 h5
37.Be1 h4 38.Rc2 Re8 39.Qf2 h3 40.g3 Qd1 41.Kf1 Qxd3+ 42.Kg1 Rxe1+ 43.Qxe1 Qxc2
44.Qe8+ Kg7 45.Qd7+ Kf8 46.Qc8+ Ke7 47.Qc7+ Ke6 48.Qc8+  0-1

[Event "HZ Open"]
[Site "Vlissingen NED"]
[Date "2009.08.07"]
[Round "8"]
[White "Van den Berg,Ad"]
[Black "Kogan,Ar"]
[Result "1/2-1/2"]
[WhiteElo "2197"]
[BlackElo "2542"]

1.e4 c5 2.Nc3 Nc6 3.Nge2 e6 4.g3 a6 5.Bg2 Nf6 6.O-O Qc7 7.d4 cxd4 8.Nxd4 Nxd4
9.Qxd4 Bc5 10.Bf4 d6 11.Qd2 h6 12.Na4 e5 13.Nxc5 exf4 14.Nd3 fxg3 15.hxg3 Be6
16.b3 h5 17.Nf4 h4 18.Nd5 Bxd5 19.exd5 O-O-O 20.Qd4 hxg3 21.fxg3 Rde8 22.Rf2 Re5
23.c4 Rg5 24.Rc1 Kb8 25.Rc3 Re8 26.b4 Re1+ 27.Rf1 Qe7 28.Rf3 Rg4 29.Qc3 Re2
30.c5 dxc5 31.Qxc5 Rxb4 32.d6 Rbb2 33.R1f2 Qe5 34.Qc7+ Ka7 35.Rxe2 Rxe2 36.Rxf6 Qd4+
37.Kh1  1/2-1/2

[Event "University of Twente YM"]
[Site "Enschede NED"]
[Date "2009.08.08"]
[Round "9"]
[White "Kleijn,C"]
[Black "Zhigalko,S"]
[Result "1/2-1/2"]
[WhiteElo "2377"]
[BlackElo "2621"]

1.e4 c5 2.Nf3 Nc6 3.Nc3 Nf6 4.Bb5 Qc7 5.O-O Nd4 6.Nxd4 cxd4 7.Nd5 Nxd5 8.exd5 Qc5
9.c4 a6 10.b4 Qxb4 11.Ba4 g6 12.d3 Bg7 13.Bd2 Qa3 14.Bc1 Qb4 15.Bd2 Qa3 16.Bc1 Qd6
17.Qb3 O-O 18.Ba3 Qf6 19.d6 e5  1/2-1/2

[Event "IMB"]
[Site "Olomouc CZE"]
[Date "2009.08.08"]
[Round "4"]
[White "Blazkova,P"]
[Black "Porat,Ma"]
[Result "1-0"]
[WhiteElo "2182"]
[BlackElo "2221"]

1.e4 c5 2.Nc3 Nc6 3.Bb5 Nd4 4.Bc4 g6 5.Nf3 Bg7 6.Nxd4 cxd4 7.Qf3 e6 8.Nb5 d6
9.Qg3 Ke7 10.c3 Qb6 11.Nxd4 Bxd4 12.cxd4 Qxd4 13.d3 f6 14.O-O Qb6 15.Be3 Qa5
16.b4 Qxb4 17.f4 Qa4 18.f5 Qe8 19.Rac1 Bd7 20.fxe6 Bc6 21.Bd4 b6 22.Qf2 g5
23.Bd5 Rc8 24.Qc2  1-0

[Event "Open"]
[Site "Ptuj SLO"]
[Date "2009.08.09"]
[Round "9"]
[White "Biti,O"]
[Black "Mazi,L"]
[Result "1-0"]
[WhiteElo "2359"]
[BlackElo "2362"]

1.e4 c5 2.Nc3 Nc6 3.Bb5 Na5 4.f4 e6 5.Nf3 Qc7 6.O-O a6 7.Be2 d6 8.d3 Nf6
9.Qe1 b5 10.e5 Ng8 11.exd6 Bxd6 12.Ne4 Be7 13.Bd2 Nb7 14.Qg3 Kf8 15.Bc3 f6
16.b3 Nh6 17.Nh4 Nd8 18.a4 Nf5 19.Qh3 Nxh4 20.Qxh4 Rb8 21.axb5 axb5 22.Bh5 Nc6
23.Qf2 Qb6 24.Kh1 Bd7 25.Ng3 g6 26.Bf3 Nd4 27.Ne4 b4 28.Bb2 h5 29.Nd2 Kf7
30.Nc4 Qc7 31.Bxd4 cxd4 32.Qxd4 Bc5 33.Qe4 Rhd8 34.Ra6 Bc8 35.Rc6 Qe7 36.Bxh5 f5
37.Qe5 Rb5 38.Bf3 Bd4 39.Qxb5 Rh8 40.h3  1-0

[Event "Asian Zone 3.2 m"]
[Site "New Delhi IND"]
[Date "2009.08.10"]
[Round "3"]
[White "Thipsay,P"]
[Black "Amir,K"]
[Result "1-0"]
[WhiteElo "2446"]
[BlackElo "2248"]

1.e4 c5 2.Nf3 Nc6 3.Nc3 d6 4.d4 cxd4 5.Nxd4 Nf6 6.Be2 e5 7.Nf3 Be7 8.Bg5 O-O
9.O-O Bg4 10.Bxf6 Bxf6 11.Nd5 Bxf3 12.Bxf3 Bg5 13.c3 Ne7 14.Bg4 Nxd5 15.Qxd5 Qb6
16.Rab1 Rfd8 17.Rfd1 g6 18.Rd3 Qc7 19.Rbd1 Be7 20.Qb3 Kg7 21.Rd5 Rf8 22.Qc2 Rad8
23.b4 Qc4 24.Be2 Qc7 25.c4 b6 26.Bg4 Rfe8 27.g3 Bf8 28.Qb3 Rb8 29.h4 h5 30.Bh3 Qc6
31.Qc3 a5 32.b5 Qc7 33.f4 Kg8 34.f5 Rec8 35.fxg6 Re8 36.Bf5 Rb7 37.Qf3 fxg6
38.Bxg6 Re6 39.Bxh5 Qg7 40.Rf1 Rh6 41.Kh2 Rc7 42.Rd2 Rxc4 43.Bf7+  1-0

[Event "XVIII TCh-MKD"]
[Site "Struga MKD"]
[Date "2009.08.11"]
[Round "2"]
[White "Trkaljanov,V"]
[Black "Damceski,M"]
[Result "1-0"]
[WhiteElo "2245"]
[BlackElo "2047"]

1.e4 c5 2.Nf3 Nc6 3.Nc3 g6 4.d4 cxd4 5.Nxd4 Bg7 6.Be3 Nf6 7.Bc4 O-O 8.O-O Nxe4
9.Nxe4 d5 10.Nxc6 bxc6 11.Bd3 dxe4 12.Bxe4 Qc7 13.c3 Rd8 14.Qa4 Rb8 15.Rad1 Rf8
16.Rd2 Be5 17.f4 Bd6 18.Bxc6 a5 19.Bd5 Ba6 20.Rfd1 g5 21.g3 gxf4 22.Bxf4 Bxf4
23.Qxf4 Qxf4 24.gxf4 Kg7 25.a3 e6 26.Be4 f5 27.Bf3 Kf6 28.Kf2 Rb6 29.Ke3 Rfb8
30.Rd6 a4 31.Rxb6 Rxb6 32.Rd2 Bc4 33.Bd1 Ra6 34.Rd4 Bb5 35.c4 Be8 36.c5 Ra5
37.Rc4 Bc6 38.Bf3 Bxf3 39.Kxf3 Ke7 40.Ke3 Kd7 41.Kd4 h5 42.Rb4 Ra7 43.Rb6 h4
44.h3 Ra8 45.Rd6+ Kc7 46.Rxe6 Rb8 47.Rb6 Re8 48.Kd5 Re3 49.Rb4 Rxh3 50.Rxa4 Re3
51.Ra7+ Kc8 52.b4 Re4 53.b5 Rxf4 54.b6 h3 55.c6  1-0

[Event "ITT Vicente Lopez"]
[Site "Villa Martelli ARG"]
[Date "2009.08.11"]
[Round "7"]
[White "Della Morte,G"]
[Black "Guerrero,Alv"]
[Result "0-1"]
[WhiteElo "2383"]
[BlackElo "2257"]

1.e4 c5 2.Nf3 Nc6 3.Nc3 Nf6 4.Bb5 e6 5.e5 Nd5 6.Nxd5 exd5 7.O-O a6 8.Bxc6 dxc6
9.d3 Be7 10.Bf4 Be6 11.Qd2 h6 12.Bg3 Qd7 13.c3 O-O 14.Nh4 Qd8 15.Nf3 Qd7
16.h3 Kh7 17.Bh4 g5 18.Bg3 Rg8 19.Nh2 Rg6 20.Qe2 Rag8 21.Rae1 b5 22.Kh1 c4
23.d4 Bf5 24.Rg1 Be4 25.Qh5 Bf5 26.Ng4 Bxg4 27.hxg4 Qe6 28.Re3 a5 29.Rge1 b4
30.Rf3 Ra8 31.Rf5 Ra7 32.f4 gxf4 33.Bxf4 Ra8 34.Rf1 Rag8 35.Bd2 R8g7 36.R1f2 Kg8
37.Kg1 c5 38.Be3 cxd4 39.Bxd4 Rg5 40.Qh3 Rxg4 41.Rh5 R7g6 42.Be3 Rg3 43.Qxe6 fxe6
44.Bd4 Kg7 45.Kf1 R3g4 46.Rh3 a4 47.Rhf3 Kg8 48.Bb6 bxc3 49.bxc3 Rg3 50.Bd4 Rxf3
51.Rxf3 Rg7 52.Rh3 Bg5 53.Bc5 Rb7 54.a3 Kg7 55.Bb4 Bf4 56.Rf3 Bxe5 57.Re3 Rf7+
58.Ke2 Rf5 59.g4 Rg5 60.Be7 Bf6 61.Rxe6 Re5+ 62.Rxe5 Bxe5 63.Bb4 Bf4 64.Kf3 Bd2
65.Ke2 Bg5 66.Bc5 Kf7 67.Kf3 Be7 68.Bxe7 Kxe7 69.Ke3 Ke6 70.Kd2 Kf6 71.Ke2 Kg5
72.Kf3 d4 73.cxd4 c3 74.Ke3 Kxg4  0-1

[Event "ITT Vicente Lopez"]
[Site "Villa Martelli ARG"]
[Date "2009.08.11"]
[Round "7"]
[White "Rey Besada,F"]
[Black "Zuriel,M"]
[Result "1/2-1/2"]
[WhiteElo "2213"]
[BlackElo "2201"]

1.e4 c5 2.Nf3 Nc6 3.Nc3 g6 4.d4 cxd4 5.Nxd4 Bg7 6.Be3 Nf6 7.Bc4 Qa5 8.O-O O-O
9.Bb3 d6 10.h3 Bd7 11.f4 Qh5 12.Qxh5 Nxh5 13.Rad1 Nxd4 14.Bxd4 Bxd4+ 15.Rxd4 Bc6
16.f5 Nf6 17.Rf2  1/2-1/2

[Event "XVIII TCh-MKD"]
[Site "Struga MKD"]
[Date "2009.08.12"]
[Round "3"]
[White "Guseinov,G"]
[Black "Vasovski,N"]
[Result "1-0"]
[WhiteElo "2664"]
[BlackElo "2358"]

1.e4 c5 2.Nf3 Nc6 3.Nc3 d6 4.d4 cxd4 5.Nxd4 e6 6.g3 Bd7 7.Bg2 Nf6 8.O-O Be7
9.Nb3 a6 10.f4 Qc7 11.Be3 b5 12.a3 Rb8 13.Kh1 O-O 14.g4 h6 15.g5 hxg5 16.fxg5 Nh7
17.Qg4 Ne5 18.Qg3 Nc4 19.Bc1 g6 20.h4 Rfc8 21.Ne2 Bf8 22.h5 Bg7 23.Qh4 Nf8
24.Nbd4 a5 25.b3 Ne5 26.Be3 Nc6 27.h6 Bxd4 28.Nxd4 Nh7 29.Qf2 Be8 30.Nf3 Nd8
31.Rad1 Bc6 32.Nh2 Qe7 33.Ng4 Rc7 34.Rxd6 f5 35.gxf6 Qxd6 36.Bf4 Qd7 37.Qg3 Rbb7
38.Ne5 Qe8 39.Nxg6 Rf7 40.Ne7+ Kh8 41.Qg7+  1-0

[Event "Asian Zone 3.2 m"]
[Site "New Delhi IND"]
[Date "2009.08.13"]
[Round "7"]
[White "Reefat,S"]
[Black "Gillani,T"]
[Result "1-0"]
[WhiteElo "2486"]
[BlackElo "2276"]

1.e4 c5 2.Nf3 Nc6 3.Nc3 a6 4.d4 cxd4 5.Nxd4 e5 6.Nf5 d6 7.Ne3 Nf6 8.g3 h5
9.h4 Be6 10.Bg2 Rc8 11.Ncd5 Bxd5 12.Nxd5 Nxd5 13.exd5 Ne7 14.Bg5 Qa5+ 15.c3 Qb5
16.Qd2 Qc4 17.Rc1 f6 18.b3 Qc7 19.Be3 g6 20.Bh3 Nf5 21.Qd3 Qh7 22.O-O Be7
23.c4 O-O 24.b4 Nxe3 25.Be6+ Kh8 26.fxe3 Rc7  1-0

[Event "A2Bmedialtd.com Int Gp C"]
[Site "Uxbridge ENG"]
[Date "2009.08.13"]
[Round "2"]
[White "Josse,Mar"]
[Black "Rudd,J"]
[Result "0-1"]
[WhiteElo "2045"]
[BlackElo "2326"]

1.e4 c5 2.Nc3 Nc6 3.Bb5 Nd4 4.Bc4 e6 5.Nf3 Nf6 6.O-O a6 7.d3 b5 8.Bb3 Nxb3
9.axb3 Bb7 10.Bg5 h6 11.Bh4 g5 12.Bg3 d6 13.e5 Nh5 14.exd6 Nxg3 15.fxg3 Bxd6
16.Ne4 Be7 17.Kh1 f5 18.Ne5 h5 19.Ng6 Rh6 20.Nxe7 Qxe7 21.Nd2 h4 22.gxh4 Qd6
23.Re1 Rxh4 24.Nf1 Kd7 25.Qe2 Rah8 26.Qe5 f4 27.Kg1 g4 28.Qxd6+ Kxd6 29.Rad1 e5
30.Rd2 b4 31.Rde2 R4h5 32.Rd2 Bd5 33.g3 Rh3 34.Rde2 R8h5 35.Rf2 fxg3 36.Rf6+ Ke7
37.Rxa6 gxh2+ 38.Nxh2 Rg3+  0-1

[Event "A2Bmedialtd.com Int Gp C"]
[Site "Uxbridge ENG"]
[Date "2009.08.13"]
[Round "3"]
[White "Gormally,D"]
[Black "Jackson,J"]
[Result "1-0"]
[WhiteElo "2490"]
[BlackElo "2045"]

1.e4 c5 2.Nc3 Nc6 3.Bb5 Na5 4.a4 a6 5.Be2 e6 6.Nf3 Qc7 7.O-O b6 8.d3 Bb7
9.Ng5 h6 10.Nh3 Nf6 11.f4 Be7 12.Bf3 d6 13.f5 exf5 14.exf5 O-O 15.Nf4 Rad8
16.Nfd5 Nxd5 17.Nxd5 Bxd5 18.Bxd5 Bf6 19.Qh5 c4 20.Be3 Rde8 21.Bf2 Kh7 22.Qf3 Rc8
23.c3 Nb3 24.Rad1 b5 25.Bb7 Rb8 26.Bxa6 bxa4 27.dxc4 Na5 28.c5 Qa7 29.Qe2 dxc5
30.Bb5 Nb3 31.Qc4 Na5 32.Qxa4 Qb6 33.Bd3 Nb7 34.b4 Bxc3 35.bxc5 Qa5 36.f6+ g6
37.Bxg6+  1-0

[Event "A2Bmedialtd.com Int Gp A"]
[Site "Uxbridge ENG"]
[Date "2009.08.13"]
[Round "3"]
[White "Lyell,M"]
[Black "Savage,B"]
[Result "1/2-1/2"]
[WhiteElo "2288"]
[BlackElo "2324"]

1.e4 c5 2.Nc3 Nc6 3.Bb5 Nd4 4.Bc4 e6 5.Nge2 Nf6 6.O-O a6 7.d3 b5 8.Bb3 Nxb3
9.axb3 Bb7 10.Bg5 d6 11.f4 Be7 12.f5 Ng4 13.Ng3 Bxg5 14.Qxg4 Be3+ 15.Kh1 Qg5
16.Qf3 O-O 17.Nd1 Bd4 18.c3 Be5 19.Ne3 g6 20.f6 d5 21.exd5 Bxg3 22.hxg3 exd5
23.Rae1 Rae8 24.Nc2 Qd2 25.Qf4 Qxf4 26.gxf4 Re6 27.b4 cxb4 28.Nd4 Rxf6 29.cxb4 Bc8
30.Re5 Bf5 31.Nxf5 Rxf5 32.Rxf5 gxf5 33.Ra1 Ra8 34.Kg1 d4 35.Kf2 Rc8 36.Rxa6 Rc2+
37.Kf3 Rd2 38.Rb6 Rxd3+ 39.Ke2 Rb3 40.Rxb5 Kg7 41.Rxf5 Rxb4 42.Kd3 Rxb2 43.Rg5+ Kf6
44.g4 Rb4 45.Rd5 Rb3+ 46.Kxd4 Rg3 47.g5+ Kg7 48.Rd6 Rg1 49.Ke5 Re1+ 50.Kf5 Re2
51.Rh6 Re1 52.Rh2 Rg1 53.Rh6 Re1 54.Rd6 Re2 55.Rd8 Re1 56.Rd5 Rh1 57.Rd6 Re1
58.Rh6 Rg1 59.Rh5 Re1 60.Kg4 Rg1+ 61.Kf3 Rf1+ 62.Kg4  1/2-1/2

[Event "Asian Zone 3.2 w"]
[Site "New Delhi IND"]
[Date "2009.08.14"]
[Round "6"]
[White "Swathi,G"]
[Black "Ranasinghe,S"]
[Result "1-0"]
[WhiteElo "2344"]
[BlackElo "1852"]

1.e4 c5 2.Nf3 Nc6 3.Nc3 a6 4.d4 cxd4 5.Nxd4 Nf6 6.Nxc6 bxc6 7.e5 Nd5 8.Nxd5 cxd5
9.Qxd5 Rb8 10.Bc4 e6 11.Qd4 d5 12.exd6 Qxd6 13.Qxd6 Bxd6 14.Bb3 O-O 15.Be3 Bb7
16.O-O-O Be5 17.f3 Bc6 18.Bd2 Rfc8 19.Kb1 Bd5 20.h3 Rc5 21.Rhe1 Bf6 22.Bf4 Bxb3
23.axb3 Rbc8 24.Re2 a5 25.Rd7 g5 26.Bg3 Kg7 27.Bf2 R5c6 28.Ra7 Rd6 29.Rxa5 Rd1+
30.Ka2 Rc1 31.c3 Bd8 32.Ra7 Be7 33.Rxe7  1-0

[Event "A2Bmedialtd.com Int Gp C"]
[Site "Uxbridge ENG"]
[Date "2009.08.14"]
[Round "5"]
[White "Bailey,K"]
[Black "White,D"]
[Result "1-0"]
[WhiteElo "2082"]
[BlackElo "2051"]

1.e4 c5 2.Nc3 Nc6 3.Bb5 Nd4 4.Bc4 g6 5.Nf3 Bg7 6.Nxd4 cxd4 7.Qf3 Nh6 8.Ne2 O-O
9.d3 Qb6 10.Bb3 d6 11.Qg3 Ng4 12.O-O a5 13.a4 Bd7 14.Bg5 Nf6 15.Qh4 Rac8
16.Bh6 Bxh6 17.Qxh6 e5 18.Ng3 Qd8 19.Bc4 Ng4 20.Qd2 Be6 21.b3 Qh4 22.h3 Nf6
23.Qe1 h5 24.Ne2 Nh7 25.f4 Qxe1 26.Raxe1 Bxc4 27.bxc4 f6 28.Rb1 Rf7 29.Rb6 Rc6
30.Rfb1 f5 31.exf5 Rxf5 32.Rxb7 d5 33.fxe5 Rxe5 34.Nxd4 Rc5 35.cxd5 Rexd5
36.Rb8+ Kg7 37.Ne6+  1-0